Lyrics raten #32 - Statistiken

Allgemein
  • Dieses Quiz wurde 125 mal gespielt
  • Das Durchschnittsergebnis liegt bei 185 aus 456
Antwortstatistiken
Antwort % Korrekt
ich
98%
Ich
98%
du
95%
sie
91%
Wir
87%
Das
84%
das
84%
es
84%
die
82%
Die
82%
der
81%
der,
81%
und
73%
Und
73%
(Und
73%
ist
69%
in
68%
wie
68%
(Ne)
65%
für
63%
mein
63%
ein
59%
wahr
58%
war
57%
bist
56%
was
55%
wo
55%
an
54%
eine
54%
sind
53%
zu
52%
(Ja)
51%
ja
51%
Ja,
51%
(Ja,
51%
ja,
51%
(ja,
51%
ja)
51%
(Ja),
51%
Meine
50%
meine
50%
hab
48%
mich,
48%
mich
48%
auf
45%
kein
42%
sag
40%
sag)
40%
dann
39%
Mit
39%
noch
37%
nur
36%
aber
35%
alles
34%
"Oh,
34%
als
33%
einen
33%
geh
33%
Weil
33%
haben
31%
je
31%
weiss
31%
hasst
29%
Von
29%
von
29%
sagen
27%
mach
25%
Beste,
24%
sich
24%
euch
21%
(yeah)
21%
(Yeah)
21%
(Yeah),
21%
auch
20%
ey,
20%
Brüder
18%
heut
18%
jetzt
18%
wollt,
18%
viel
17%
fühlt
15%
geb
15%
glaub
15%
glaub,
15%
seinen
15%
weisst
15%
wirklich
13%
Stadt,
12%
Stadt
12%
fahr
10%
ganze
10%
heiss,
9%
schlecht"
9%
Monat
8%
Hurn,
6%
recht
6%
schreiben
6%
"Yung
6%
Yung
6%
Zeitung
6%
(Aha)
5%
(Aha),
5%
damit
5%
Danke,
5%
danke,
5%
danke
5%
falls
5%
fuck
5%
(Fuck)
5%
Hände
5%
heisser
5%
heisst,
5%
schlimm",
5%
schlimm,
5%
schlimm
5%
steht,
5%
sterb
5%
Tabletten
5%
Tabletten?
5%
fährt
4%
halte
4%
sterbe
4%
Stück
4%
Almdudler
3%
genau)
3%
manchmal
3%
MDMA
3%
Preis
3%
trotzdem
3%
Abi
2%
ähm,
2%
Cola
2%
Cola,
2%
Dings",
2%
Dings,
2%
Dings"
2%
dreissig
2%
Francesco
2%
gegelt
2%
Haare
2%
(Hah),
2%
(Hah)
2%
hah,
2%
hah
2%
irgendwann
2%
Koma
2%
kostet
2%
Legende
2%
Matura
2%
nennt
2%
Papi
2%
Pferdemedikamente
2%
Porsche
2%
Range
2%
Rente
2%
Rover,
2%
Stickle
2%
Stickle,
2%
Totti
2%
Wände
2%
Züge
2%
circa
1%
malen
1%
Schluss
1%
Gola
0%
Thottie
0%
(Uff),
0%
(Wrmm)
0%
Keine übereinstimmenden Quizze gefunden
Verteilung der Resultate
Anzahl Personen mit jedem Resultat
Perzentil nach korrekt beantworteten Fragen
Ihre Resultats-Entwicklung
Sie haben dieses Quiz noch nicht gespielt